DISABILITY studies a student’s guide

Guardat en:
Dades bibliogràfiques
Format: Llibre
Idioma:anglès
Publicat: SAGE 2014
Etiquetes: Afegir etiqueta
Sense etiquetes, Sigues el primer a etiquetar aquest registre!

MARC

LEADER 00000nam a22000007a 4500
008 210119b ||||| |||| 00| 0 eng d
020 |a 978-1-4462-6767-7 
245 |a DISABILITY studies  |b a student’s guide  |c Edited by Colin Cameron  |g xvii, 166p. 
250 |c Cameron, Colin 
260 |b SAGE  |c 2014  |h Los Angeles  |i 693256  |i 693257  |l HV1559 .G7D63  |m Social work with people with disabilities – Great Britain  |m Sociology of disability  |m People with disabilities – services for – Great Britain 
500 |a “It includes references and index”. 
942 |a lcc  |c BK  |e O.A.JOHNSON  |f 19/01/21 
952 |0 0  |1 0  |2 lcc  |4 0  |6 HV1559 G7 D63  |7 0  |9 1256  |a SSL  |b HOL  |d 2021-01-19  |l 0  |o HV1559 .G7D63  |p 2021-0071  |r 2021-01-19 00:00:00  |w 2021-01-19  |y BK 
952 |0 0  |1 0  |2 lcc  |4 0  |6 HV1559 G7 D63  |7 0  |9 1257  |a HOL  |b HOL  |d 2021-01-19  |l 0  |o HV1559 .G7D63  |p 2021-0072  |r 2021-01-19 00:00:00  |w 2021-01-19  |y BK 
999 |c 651  |d 651